00594nam a2200145 a 450000100100000000500170001000800410002704000250006808200150009310000280010824501600013626000600029630000300035650000620038600002945420200930055549.0110415s2007 dr c 000 0 spa d aDO-SdBNPbspacBNPHU axxxbM722m1 aMolina, Ezequield1944-10aMemorias de un ministerio :bvida y testimonio de un siervo de Dios (47 años de victoria 1960-2007) /cEzequiel Molina ; prólogo Tomás Gómez Bueno. aSanto Domingo :bPromociones y Publicidad la Fe,c2007. a134 p. :bretr. ;c23 cm. aIncluye datos biográficos del autor en la contraportada